000 00710nam a22002417a 4500
003 UA-OsUOA
001 66422
007 ta
008 20091228b un ||||| |||| 00| 0 ukr d
100 _aКрутикова Н.Е.
090 _a82.09(477)
_bК84
942 _cBK
040 _aUA-OsUOA
_bukr
_cUA-OsUOA
_dUA-OsUOA
245 _aУрбанистическая проблема в художественной прозе Гоголя
_bОчерки
300 _a88 с.
955 _a2
041 _aukr
080 _a82.09(477)
020 _a978-966-8518-79-9
260 _aК.
_bСтилос
_c2007
650 7 _a82 Література. Літературознавство
_2UDC
999 _c352431
_d352431